Quiz- 100 People in Africa - Statistics

General Stats
  • This quiz has been taken 23 times
  • The average score is 26 of 35
Answer Stats
People Answer % Correct
2 Niger
100%
15 Nigeria
100%
3 Algeria
95%
7 Democratic Republic of the Congo
95%
4 South Africa
95%
8 Egypt
90%
9 Ethiopia
90%
5 Tanzania
90%
3 Angola
86%
4 Kenya
86%
3 Morocco
86%
1 Senegal
86%
1 Somalia
86%
3 Sudan
86%
2 Ghana
81%
2 Ivory Coast
81%
2 Madagascar
81%
2 Zambia
81%
2 Cameroon
76%
1 Chad
76%
2 Mali
76%
2 Mozambique
76%
3 Uganda
76%
1 Tunisia
67%
1 Zimbabwe
67%
1 Guinea
62%
1 Libya
52%
1 Rwanda
52%
1 South Sudan
48%
2 Burkina Faso
43%
1 Benin
38%
2 Malawi
38%
1 Sierra Leone
38%
1 Togo
38%
1 Burundi
33%
No matching quizzes found
Score Distribution
Percent of People with Each Score
Percentile by Number Answered
Your Score History
You have not taken this quiz